00311nam a2200133Ia 45000030006000000080041000060400015000471000019000622450037000812600026001183000006001445460010001500050017001600STCL150530s9999 xx 000 0 und d aSTCLcSTCL aManhar Chauhan aYudh Ki Terah Shreshta Kahaniyan bUmesh Prakashanc1979 a0 aHindi20220125171236.0